000 01439nam a2200349 a 4500
001 ebr10516792
003 CaPaEBR
006 m u
007 cr cn|||||||||
008 860902s1986 nyuad sb 000 0 eng d
010 _z 86022327
020 _z0930403177
020 _z9780930403171
020 _z9781600863622 (e-book)
040 _aCaPaEBR
_cCaPaEBR
035 _a(OCoLC)297336647
050 1 4 _aTL1492
_b.S63 1986eb
245 0 0 _aSpacecraft dielectric material properties and spacecraft charging
_h[electronic resource] /
_cA.R. Frederickson ... [et al.].
260 _aNew York, N.Y. :
_bAmerican Institute of Aeronautics and Astronautics, Inc.,
_cc1986.
300 _aviii, 71 p. :
_bill.
490 1 _aProgress in astronautics and aeronautics ;
_vv. 107
504 _aIncludes bibliographical references.
533 _aElectronic reproduction.
_bPalo Alto, Calif. :
_cebrary,
_d2013.
_nAvailable via World Wide Web.
_nAccess may be limited to ebrary affiliated libraries.
650 0 _aSpace vehicles
_xElectrostatic charging.
650 0 _aSpace vehicles
_xMaterials.
650 0 _aDielectrics.
655 7 _aElectronic books.
_2local
700 1 _aFrederickson, A. R.
710 2 _aebrary, Inc.
830 0 _aProgress in astronautics and aeronautics ;
_vv. 107.
856 4 0 _uhttp://site.ebrary.com/lib/rucke/Doc?id=10516792
_zAn electronic book accessible through the World Wide Web; click to view
999 _c121324
_d121324